|
|
|
|
| LEADER |
00000nam a2200000 a 4500 |
| 001 |
UCW4795 |
| 003 |
CL-VaPUC |
| 008 |
900817e19880000MX |||||||||||||||||spa|d |
| 082 |
0 |
4 |
|a 372.86
|b AQU
|2 21
|
| 100 |
0 |
|
|a Aquino, Francisco
|e author
|9 309604
|
| 245 |
1 |
0 |
|a Cantos para jugar
|
| 300 |
|
|
|a 112 p
|
| 942 |
|
|
|c BK
|
| 945 |
|
|
|d 19900817 00:00:00
|
| 260 |
|
|
|a Ciudad de México
|b Trillas
|c 1988
|
| 650 |
|
7 |
|a CANCIONES ESCOLARES
|2 CL-VaPUC
|9 309605
|
| 650 |
|
0 |
|a Canciones infantiles
|9 307627
|
| 650 |
|
7 |
|a MUSICA PARA JARDINES INFANTILES
|2 CL-VaPUC
|9 309606
|
| 650 |
|
0 |
|a Aptitud motora
|x Niños
|9 307455
|
| 583 |
|
|
|a last modification
|c 19900817 00:00:00
|k Rodrigo Vera
|
| 999 |
|
|
|c 218412
|d 218410
|
| 952 |
|
|
|0 0
|1 0
|4 0
|6 372_860000000000000_AQU_1988
|7 0
|8 P
|9 207943
|a BIBEDU
|b BIBEDU
|c BIBEDU_PB
|d 2019-11-15
|i 2757915
|o 372.86 AQU 1988
|p 2757915
|r 2024-01-25
|w 2019-11-15
|y BK
|k EDU
|